Unholy War , Terror in the Name of Islam (Record no. 20157)

MARC details
000 -LEADER
fixed length control field 00325nam a22001337a 4500
020 ## - INTERNATIONAL STANDARD BOOK NUMBER
ISBN 0195154355
082 ## - DEWEY DECIMAL CLASSIFICATION NUMBER
Classification number 297.72 ESP
100 ## - MAIN ENTRY--AUTHOR NAME
Author name Esposito, John
245 ## - TITLE STATEMENT
Title Unholy War , Terror in the Name of Islam
260 ## - PUBLICATION, DISTRIBUTION, ETC. (IMPRINT)
Place of publication New Yark
Name of publisher Oxford University Press
Year of publication 2002
300 ## - PHYSICAL DESCRIPTION
Number of Pages 196
650 ## - SUBJECT ADDED ENTRY--TOPICAL TERM
Topical Term Islam- Terrorism
942 ## - ADDED ENTRY ELEMENTS (KOHA)
Koha item type Books
Holdings
Home library Current library Date acquired Full call number Accession Number Koha item type
Henry Martyn Institute Library Henry Martyn Institute Library 09/22/2016 297.72 ESP 20195 Books
                   Copyright © 2026 | Henry Martyn Institute | Hyderabad | TS-500052 | INDIA | Implemented by hmi.edu.in
Hit-Count:

Powered by Koha